Days of the week in Portuguese - Statistics

General Stats
  • This quiz has been taken 28 times
  • The average score is 5 of 7
Answer Stats
Answer % Correct
Domingo
85%
Segunda-Feira
85%
Sábado
77%
Quarta-Feira
69%
Quinta-Feira
69%
Sexta-Feira
69%
Terça-Feira
69%
No matching quizzes found
Score Distribution
Percent of People with Each Score
Percentile by Number Answered
Your Score History
You have not taken this quiz